|
|
|
|
| LEADER |
00626nab a2200181 i 4500 |
| 001 |
acta53590 |
| 005 |
20260224081030.0 |
| 008 |
180322s1943 hu o 000 hun d |
| 040 |
|
|
|a SZTE Egyetemi Kiadványok Repozitórium
|b hun
|
| 041 |
|
|
|a hun
|
| 100 |
1 |
|
|a Visy József
|
| 245 |
1 |
0 |
|a Márai Sándor
|h [elektronikus dokumentum] :
|b Füves könyv /
|c Visy József
|
| 260 |
|
|
|c 1943
|
| 300 |
|
|
|a 184-185
|
| 490 |
0 |
|
|a Nevelésügyi szemle
|v 7 No. 7-8
|
| 695 |
|
|
|a Magyar irodalom - próza - könyvismertetés
|
| 700 |
0 |
1 |
|a Márai Sándor
|
| 856 |
4 |
0 |
|u http://acta.bibl.u-szeged.hu/53590/1/nev_szem_007_007_008_184-185.pdf
|z Dokumentum-elérés
|